[Event "XVII Miedzynarodowy Turniej Szachowy Kow"]
[Site "Kowalewo Pomorskie"]
[Date "2010.07.08"]
[Round "6.6"]
[White "Banasik, Krzysztof"]
[Black "Kobus, Sebastian"]
[Result "1-0"]
[WhiteElo "2250"]
[BlackElo "2080"]
[PlyCount "94"]
[EventDate "2010.??.??"]

1. e4 e5 2. Nf3 Nf6 3. d3 Nc6 4. Be2 Bc5 5. c3 d6 6. b4 Bb6 7. Bb2 O-O 8. O-O
Bg4 9. Nbd2 Nh5 10. a4 a6 11. Nc4 Ba7 12. h3 Bxf3 13. Bxf3 Nf4 14. Ne3 a5 15.
b5 Ne7 16. Kh2 Bxe3 17. fxe3 Ne6 18. Bg4 Ng6 19. c4 Qe7 20. Ra2 Nc5 21. Ba3
Rfd8 22. Raf2 Nf8 23. Rxf7 Qxf7 24. Rxf7 Kxf7 25. Bf3 Kg8 26. d4 Ncd7 27. h4
Nf6 28. c5 d5 29. exd5 e4 30. Be2 Nxd5 31. Bc4 Kh8 32. Bc1 c6 33. b6 Ng6 34.
Kh3 Rf8 35. Bd2 Nge7 36. Qe1 g5 37. Qg3 Rf5 38. Qd6 gxh4 39. Be1 Rg8 40. Qd7
Rh5 41. Bxd5 Nxd5 42. Qxb7 Rf5 43. Qxc6 Rf1 44. g4 Nxe3 45. Qxe4 Nc4 46. Qe2
Rgf8 47. Qxc4 R8f3+ 1-0

[Event "XVII Miedzynarodowy Turniej Szachowy Kow"]
[Site "Kowalewo Pomorskie"]
[Date "2010.07.08"]
[Round "6.7"]
[White "Garbowska, Hanna"]
[Black "Tarkowski, Michal"]
[Result "1/2-1/2"]
[WhiteElo "2026"]
[BlackElo "2067"]
[PlyCount "31"]
[EventDate "2010.??.??"]

1. e4 c5 2. Nf3 d6 3. d4 cxd4 4. Nxd4 Nf6 5. Nc3 Nc6 6. Be3 e5 7. Nf3 Be6 8.
Bd3 Be7 9. O-O h6 10. Qe2 O-O 11. a3 d5 12. exd5 Nxd5 13. Nxd5 Bxd5 14. Rfd1
Qc7 15. c4 Be6 16. Be4 1/2-1/2

[Event "XVII Miedzynarodowy Turniej Szachowy Kow"]
[Site "Kowalewo Pomorskie"]
[Date "2010.07.08"]
[Round "6.8"]
[White "Jurkiewicz, Krzysztof"]
[Black "Zielinski, Wojciech"]
[Result "0-1"]
[WhiteElo "2142"]
[BlackElo "2008"]
[PlyCount "52"]
[EventDate "2010.??.??"]

1. Nf3 Nf6 2. d4 d6 3. Nc3 Nc6 4. e4 Bg4 5. Bb5 a6 6. Bxc6+ bxc6 7. Bg5 Nd7 8.
h3 Bxf3 9. Qxf3 g6 10. e5 d5 11. Kf1 Bg7 12. Re1 O-O 13. Qe3 Rb8 14. h4 f6 15.
Bh6 Bxh6 16. Qxh6 Rxb2 17. e6 Rxc2 18. Nd1 Nb6 19. h5 g5 20. Re5 Kh8 21. Rxg5
fxg5 22. Qxg5 Rf6 23. Rh3 Qf8 24. Qe5 Nc4 25. Qxc7 Rfxf2+ 26. Nxf2 Qxf2# 0-1

[Event "XVII Miedzynarodowy Turniej Szachowy Kow"]
[Site "Kowalewo Pomorskie"]
[Date "2010.07.08"]
[Round "6.9"]
[White "Pietrzak, Tomasz"]
[Black "Renkowski, Piotr"]
[Result "0-1"]
[WhiteElo "1980"]
[BlackElo "1931"]
[PlyCount "104"]
[EventDate "2010.??.??"]

1. d4 e6 2. c4 d5 3. Nc3 Nf6 4. cxd5 exd5 5. Bg5 Be7 6. Qc2 h6 7. Bf4 c6 8. Nf3
O-O 9. e3 Re8 10. Bd3 Nbd7 11. O-O Nf8 12. Rab1 Ne6 13. b4 Nxf4 14. exf4 a6 15.
a4 Bg4 16. Ne5 Qb6 17. h3 Bd7 18. Rfd1 Bxb4 19. a5 Qxa5 20. Na2 c5 21. Nxd7
Nxd7 22. dxc5 Bxc5 23. Rxb7 Nf6 24. Nc1 Re1+ 25. Bf1 Rxd1 26. Qxd1 Qa1 27. Qc2
Ne4 28. Nd3 Rc8 29. Nxc5 Rxc5 30. Qd3 g6 31. f5 gxf5 32. Rb1 Qe5 33. Qxa6 Qf4
34. Qe2 Kg7 35. Qb2+ Kh7 36. Ra1 Nc3 37. Ra8 Qc7 38. Qd2 Qe5 39. Ra6 f4 40. Ra7
Kg7 41. Qd3 Ne4 42. Qf3 Qg5 43. Qa3 Qf6 44. Ra8 Qd6 45. Qb2+ Qf6 46. Qb8 Kg6
47. Qg8+ Kf5 48. Qg4+ Ke5 49. Qd7 Rc6 50. Rd8 Rd6 51. Re8+ Re6 52. Qc7+ Kf5 0-1

[Event "XVII Miedzynarodowy Turniej Szachowy Kow"]
[Site "Kowalewo Pomorskie"]
[Date "2010.07.08"]
[Round "6.10"]
[White "Kruczynski, Marek"]
[Black "Mazalon, Mariusz"]
[Result "0-1"]
[WhiteElo "1988"]
[BlackElo "2093"]
[PlyCount "104"]
[EventDate "2010.??.??"]

1. e4 c5 2. g3 Nc6 3. Bg2 g6 4. Ne2 Bg7 5. O-O d6 6. c3 e5 7. d4 Bg4 8. f3 Bd7
9. d5 Nce7 10. c4 f5 11. Nbc3 Nf6 12. Qc2 O-O 13. Be3 a6 14. a4 b6 15. b3 h6
16. Rab1 a5 17. Rbd1 g5 18. Kh1 f4 19. gxf4 exf4 20. Bf2 Ng6 21. Nb5 Bxb5 22.
axb5 Ne5 23. Be1 Qe8 24. Bc3 Nfd7 25. Nc1 Qh5 26. Nd3 Nxd3 27. Bxg7 Kxg7 28.
Qxd3 Ne5 29. Qe2 Qh4 30. Rg1 Kh8 31. Qb2 Ra7 32. Rdf1 Rg7 33. Qe2 Kh7 34. Rf2
g4 35. Rff1 g3 36. h3 Rg5 37. Rd1 Rh5 38. Rd2 Qg5 39. Rf1 Rh4 40. Kg1 Qh5 41.
Rdd1 Qe8 42. Ra1 Qd7 43. Rad1 Rh5 44. Qc2 Rg8 45. Rde1 Rh4 46. Re2 Rg5 47. Rd1
Rgh5 48. Kf1 Rxh3 49. Ke1 Rh2 50. Kd2 Qg7 51. Kc1 Rg5 52. Rf1 h5 0-1

[Event "XVII Miedzynarodowy Turniej Szachowy Kow"]
[Site "Kowalewo Pomorskie"]
[Date "2010.07.08"]
[Round "7.1"]
[White "Siembab, Bartosz"]
[Black "Zurkowski, Andrzej"]
[Result "1/2-1/2"]
[WhiteElo "2276"]
[BlackElo "2175"]
[PlyCount "25"]
[EventDate "2010.??.??"]

1. d4 d6 2. e4 Nf6 3. Nc3 c6 4. a4 Qc7 5. f4 e5 6. Nf3 Bg4 7. dxe5 dxe5 8. h3
Bxf3 9. Qxf3 Nbd7 10. f5 Bb4 11. Bd3 O-O-O 12. O-O Rhg8 13. Be3 1/2-1/2

[Event "XVII Miedzynarodowy Turniej Szachowy Kow"]
[Site "Kowalewo Pomorskie"]
[Date "2010.07.08"]
[Round "7.3"]
[White "Kubicki, Marek"]
[Black "Banasik, Krzysztof"]
[Result "0-1"]
[WhiteElo "2172"]
[BlackElo "2250"]
[PlyCount "112"]
[EventDate "2010.??.??"]

1. e4 e6 2. b3 d5 3. Bb2 Nf6 4. e5 Nfd7 5. d4 c5 6. c3 Nc6 7. Nf3 f6 8. exf6
Qxf6 9. Bd3 Bd6 10. Nbd2 e5 11. dxe5 Ndxe5 12. Nxe5 Qxe5+ 13. Qe2 O-O 14. Qxe5
Nxe5 15. Be2 Bg4 16. f3 Bf5 17. O-O Nd3 18. Ba3 Rfe8 19. Bxd3 Bxd3 20. Rfe1 Bf4
21. Nf1 b6 22. g3 Be5 23. Bb2 b5 24. Re3 Bg6 25. f4 Bf6 26. g4 Rxe3 27. Nxe3
Be4 28. g5 Be7 29. Rd1 Rd8 30. Kf2 Kf7 31. Kg3 Ke6 32. Ng4 Bd6 33. Re1 c4 34.
b4 Kd7 35. Bc1 a5 36. a3 axb4 37. axb4 Ra8 38. Ne5+ Kc7 39. Nf3 Bxf3 40. Kxf3
Ra2 41. Re2 Rxe2 42. Kxe2 Kd7 43. Ke3 Bc7 44. Kf3 Ke6 45. Kg4 d4 46. cxd4 c3
47. f5+ Kd5 48. h4 Kxd4 49. h5 Be5 50. g6 h6 51. Kf3 Kc4 52. Ke4 Bf6 53. Be3
Kxb4 54. Kd3 Kb3 55. Bc1 c2 56. Kd2 Bg5+ 0-1

[Event "XVII Miedzynarodowy Turniej Szachowy Kow"]
[Site "Kowalewo Pomorskie"]
[Date "2010.07.08"]
[Round "7.4"]
[White "Szmidt, Przemyslaw"]
[Black "Choroszej, Aleksander"]
[Result "0-1"]
[WhiteElo "2033"]
[BlackElo "2095"]
[PlyCount "54"]
[EventDate "2010.??.??"]

1. e4 g6 2. d4 Bg7 3. Nc3 d6 4. Be2 Nf6 5. Be3 Nbd7 6. h4 c5 7. h5 cxd4 8. Bxd4
Qa5 9. h6 Bf8 10. Qd2 e5 11. Be3 Be7 12. Nb5 Qxd2+ 13. Bxd2 O-O 14. f3 Nc5 15.
Be3 Bd7 16. O-O-O Bxb5 17. Bxb5 a6 18. Bc4 b5 19. Bd5 Nxd5 20. Rxd5 Ne6 21. Ne2
Rac8 22. Nc3 f6 23. Rd3 Kf7 24. Rhd1 Rc6 25. Nd5 Rfc8 26. Nb4 Rc4 27. c3 Rxb4
0-1

[Event "XVII Miedzynarodowy Turniej Szachowy Kow"]
[Site "Kowalewo Pomorskie"]
[Date "2010.07.08"]
[Round "7.5"]
[White "Tarkowski, Michal"]
[Black "Reza, Wojciech"]
[Result "1/2-1/2"]
[WhiteElo "2067"]
[BlackElo "1940"]
[PlyCount "28"]
[EventDate "2010.??.??"]

1. d4 Nf6 2. c4 e6 3. Nc3 Bb4 4. Qb3 Nc6 5. Nf3 d6 6. g3 O-O 7. Bg2 Qe7 8. O-O
Bxc3 9. Qxc3 a5 10. Bg5 h6 11. Bxf6 Qxf6 12. Rfd1 Re8 13. a3 a4 14. Rac1 Bd7
1/2-1/2

[Event "XVII Miedzynarodowy Turniej Szachowy Kow"]
[Site "Kowalewo Pomorskie"]
[Date "2010.07.08"]
[Round "7.6"]
[White "Renkowski, Piotr"]
[Black "Puczylowski, Marcin"]
[Result "1/2-1/2"]
[WhiteElo "1931"]
[BlackElo "2034"]
[PlyCount "55"]
[EventDate "2010.??.??"]

1. e4 e6 2. d4 Nf6 3. Bd3 c5 4. c3 Nc6 5. Ne2 d5 6. e5 Nd7 7. Nd2 cxd4 8. cxd4
Qb6 9. Nf3 f6 10. Nf4 fxe5 11. dxe5 Ndxe5 12. Nxe5 Bb4+ 13. Kf1 Nxe5 14. Qh5+
Nf7 15. Bxh7 Bd7 16. Ng6 Bb5+ 17. Kg1 Bc5 18. g3 O-O-O 19. Nxh8 Rxh8 20. Qxf7
Rf8 21. Qxf8+ Bxf8 22. Kg2 Bc6 23. Re1 Kd7 24. b3 Bc5 25. f3 Qd8 26. Bf4 Qf6
27. Bg8 g5 28. Bxe6+ 1/2-1/2

[Event "XVII Miedzynarodowy Turniej Szachowy Kow"]
[Site "Kowalewo Pomorskie"]
[Date "2010.07.08"]
[Round "7.7"]
[White "Zielinski, Wojciech"]
[Black "Garbowska, Hanna"]
[Result "1/2-1/2"]
[WhiteElo "2008"]
[BlackElo "2026"]
[PlyCount "72"]
[EventDate "2010.??.??"]

1. e4 c5 2. Nf3 d6 3. d4 cxd4 4. Nxd4 Nf6 5. Nc3 a6 6. a4 e5 7. Nb3 Be6 8. Be2
Be7 9. Bf3 Qc7 10. Be3 Nbd7 11. O-O O-O 12. Qd2 Nb6 13. Bxb6 Qxb6 14. Nd5 Nxd5
15. exd5 Bf5 16. a5 Qc7 17. c3 Qc4 18. Nc1 h6 19. Qe2 Rac8 20. Qxc4 Rxc4 21.
Be2 Rc7 22. Nb3 Bg5 23. g3 Bc2 24. Nc1 e4 25. h4 Bd2 26. Na2 Bb3 27. Nb4 Rc5
28. Ra3 Bxd5 29. Rd1 e3 30. Nxd5 Rxd5 31. f4 Re8 32. Kf1 g5 33. Ra4 gxh4 34.
gxh4 Kf8 35. Kg2 f5 36. Kf3 Re7 1/2-1/2

[Event "XVII Miedzynarodowy Turniej Szachowy Kow"]
[Site "Kowalewo Pomorskie"]
[Date "2010.07.08"]
[Round "7.8"]
[White "Mazalon, Mariusz"]
[Black "Piesik, Piotr"]
[Result "0-1"]
[WhiteElo "2093"]
[BlackElo "2264"]
[PlyCount "68"]
[EventDate "2010.??.??"]

1. d4 c5 2. d5 e5 3. c4 d6 4. e4 Be7 5. Nf3 Bg4 6. Be2 Bxf3 7. Bxf3 Bg5 8. Nc3
a6 9. O-O Nd7 10. a3 Bxc1 11. Rxc1 Ne7 12. Bg4 Nf6 13. Bh3 Qa5 14. Qd3 O-O 15.
g3 Ng6 16. f4 exf4 17. gxf4 Rfe8 18. Rce1 Nh5 19. Qd2 b5 20. Bg4 Nf6 21. Bf5 b4
22. Ne2 Nxe4 23. Bxe4 Rxe4 24. Ng3 Rxe1 25. Rxe1 Qb6 26. Nh5 bxa3 27. bxa3 Rb8
28. Qg2 Qa5 29. Rf1 Qc3 30. f5 Rb2 31. Qg4 Qe5 32. Ng3 Qe3+ 33. Kh1 Qd2 34. Qh3
Nf4 0-1

[Event "XVII Miedzynarodowy Turniej Szachowy Kow"]
[Site "Kowalewo Pomorskie"]
[Date "2010.07.08"]
[Round "7.9"]
[White "Kobus, Sebastian"]
[Black "Rogala, Robert"]
[Result "1-0"]
[WhiteElo "2080"]
[BlackElo "2037"]
[PlyCount "94"]
[EventDate "2010.??.??"]

1. e4 g6 2. d4 Bg7 3. Nf3 c5 4. Nc3 Nc6 5. Be3 cxd4 6. Nxd4 d6 7. Bc4 Nf6 8. h3
O-O 9. Qd2 a6 10. O-O-O Bd7 11. Nxc6 Bxc6 12. g4 Nxe4 13. Nxe4 Bxe4 14. Rhg1
Rc8 15. Bb3 d5 16. Rg3 Qd6 17. h4 Qf6 18. c3 d4 19. Bxd4 Qxd4 20. Qxd4 Bxd4 21.
Rxd4 Bc6 22. h5 Rfd8 23. Rgd3 Rxd4 24. Rxd4 Kg7 25. hxg6 hxg6 26. Kd2 e6 27.
Ke3 g5 28. Bc2 Rh8 29. Rd2 Rh3+ 30. Kd4 Rf3 31. Bd1 Rf4+ 32. Kc5 e5 33. b4 e4
34. a4 f5 35. b5 axb5 36. axb5 Be8 37. Rd8 Kf8 38. Rd2 fxg4 39. c4 Bf7 40. Bb3
Rf3 41. Ba2 g3 42. fxg3 Rxg3 43. Rd4 e3 44. Re4 Bh5 45. Kb6 e2 46. c5 Ra3 47.
Bc4 Ra4 1-0

[Event "XVII Miedzynarodowy Turniej Szachowy Kow"]
[Site "Kowalewo Pomorskie"]
[Date "2010.07.08"]
[Round "7.10"]
[White "Jurkiewicz, Krzysztof"]
[Black "Flazinski, Jozef"]
[Result "1-0"]
[WhiteElo "2142"]
[BlackElo "2000"]
[PlyCount "83"]
[EventDate "2010.??.??"]

1. d4 Nf6 2. c4 e6 3. g3 c5 4. d5 exd5 5. cxd5 d6 6. Nc3 g6 7. Bg2 Bg7 8. Nf3
O-O 9. O-O Bg4 10. h3 Bxf3 11. Bxf3 Re8 12. Qb3 Qc8 13. Bf4 Bf8 14. Kh2 Nbd7
15. a4 Ne5 16. Rfe1 Nfd7 17. Bg2 a6 18. Rac1 c4 19. Qb4 b5 20. Ne4 Qb8 21. Bd2
f5 22. Ng5 Nc5 23. Ne6 Nxe6 24. dxe6 d5 25. e7 Bxe7 26. Bxd5+ Kg7 27. Qc3 Bf6
28. Qc2 Ra7 29. b3 Rd8 30. bxc4 bxc4 31. Rb1 Qc8 32. Bg2 c3 33. Be3 Rad7 34.
Rb3 Nc4 35. Rxc3 Nxe3 36. Rxc8 Nxc2 37. Rxc2 Rd4 38. Rc7+ R8d7 39. Rec1 Rxc7
40. Rxc7+ Kh6 41. Rc6 Bd8 42. Rxa6 1-0

[Event "XVII Miedzynarodowy Turniej Szachowy Kow"]
[Site "Kowalewo Pomorskie"]
[Date "2010.07.08"]
[Round "7.11"]
[White "Kuchnio, Przemyslaw"]
[Black "Kruczynski, Marek"]
[Result "0-1"]
[WhiteElo "2089"]
[BlackElo "1988"]
[PlyCount "90"]
[EventDate "2010.??.??"]

1. e4 e6 2. d3 b6 3. Nf3 Bb7 4. Nbd2 c5 5. g3 g6 6. Bg2 Bg7 7. O-O Ne7 8. Re1
d5 9. e5 Nbc6 10. Nf1 Qc7 11. Bf4 O-O-O 12. c3 h6 13. h4 Rdg8 14. d4 Bf8 15.
Ne3 g5 16. hxg5 Ng6 17. Ng4 Nxf4 18. gxf4 hxg5 19. fxg5 Be7 20. Qc1 Rg6 21. Qf4
Bd8 22. Re3 Rh5 23. Nf6 Bxf6 24. gxf6 Qd8 25. Nh2 Qh8 26. Ng4 Rf5 27. Qg3 cxd4
28. cxd4 Nxd4 29. Rd1 Nc6 30. f3 Qf8 31. Qe1 d4 32. Re4 Kb8 33. Rc1 Rfg5 34.
Rc4 Rg8 35. b4 b5 36. Rc5 a6 37. Re2 d3 38. Re3 Nd4 39. Rxd3 Nxf3+ 40. Bxf3
Bxf3 41. Rxf3 Rxg4+ 42. Kf2 Rg2+ 43. Ke3 Qh6+ 44. Ke4 R8g4+ 45. Kd3 Qg6+ 0-1

[Event "XVII Miedzynarodowy Turniej Szachowy Kow"]
[Site "Kowalewo Pomorskie"]
[Date "2010.07.09"]
[Round "8.3"]
[White "Piesik, Piotr"]
[Black "Siembab, Bartosz"]
[Result "0-1"]
[WhiteElo "2264"]
[BlackElo "2276"]
[PlyCount "82"]
[EventDate "2010.??.??"]

1. Nf3 c5 2. c3 d5 3. g3 Nf6 4. Bg2 Nc6 5. d4 e6 6. O-O Be7 7. Nbd2 O-O 8. b3
cxd4 9. cxd4 b5 10. Bb2 Qb6 11. Rc1 Bb7 12. Qc2 Rac8 13. Qb1 Rc7 14. e3 Rfc8
15. Ne5 Nxe5 16. dxe5 Nd7 17. Rxc7 Rxc7 18. Rc1 Rxc1+ 19. Qxc1 Qc6 20. Qxc6
Bxc6 21. f4 Nc5 22. Bf1 a5 23. Nf3 b4 24. Nd4 Bd7 25. a3 Ne4 26. axb4 Bxb4 27.
Bc1 Nc5 28. Bb2 f6 29. Be2 fxe5 30. fxe5 Ne4 31. Bc1 Bc3 32. Bd3 Ng5 33. Be2
Nf7 34. Bg4 Nxe5 35. Bxe6+ Bxe6 36. Nxe6 Bb4 37. Nf4 d4 38. Bb2 d3 39. Kf1 d2
40. Ke2 Ng4 41. Nd5 Nf2 0-1

[Event "XVII Miedzynarodowy Turniej Szachowy Kow"]
[Site "Kowalewo Pomorskie"]
[Date "2010.07.09"]
[Round "8.4"]
[White "Reza, Wojciech"]
[Black "Plichta, Kamil"]
[Result "1/2-1/2"]
[WhiteElo "1940"]
[BlackElo "2158"]
[PlyCount "114"]
[EventDate "2010.??.??"]

1. e4 g6 2. d4 Bg7 3. Nc3 a6 4. a4 d6 5. Be3 Nf6 6. f3 O-O 7. Bc4 c6 8. Bb3
Nbd7 9. Qd2 Qa5 10. Nge2 b5 11. O-O b4 12. Nd1 c5 13. dxc5 Nxc5 14. Bxc5 Qxc5+
15. Kh1 a5 16. Nf2 Bb7 17. Nd3 Qb6 18. Rad1 Rac8 19. Qg5 Rc7 20. Nef4 Ba6 21.
Nd5 Nxd5 22. Qxd5 Bxd3 23. Qxd3 Bxb2 24. Rfe1 Rc3 25. Qe2 Rc5 26. Rd5 Rfc8 27.
Red1 Be5 28. Rxc5 Rxc5 29. g3 Rc3 30. Kg2 e6 31. Rd3 Kg7 32. Rxc3 bxc3 33. Qd3
h5 34. Ba2 Bf6 35. Bb3 Qc5 36. Ba2 h4 37. Bb3 Kf8 38. f4 Kg7 39. g4 g5 40. f5
Qe5 41. Qf3 Bd8 42. Qe3 d5 43. fxe6 fxe6 44. Qa7+ Bc7 45. exd5 exd5 46. Kf1
Qf4+ 47. Qf2 Qxg4 48. Qc5 Qf3+ 49. Kg1 Qd1+ 50. Kf2 Qd2+ 51. Kf1 Qf4+ 52. Ke1
Qe5+ 53. Kf1 Bd6 54. Qxd5 Qf4+ 55. Ke1 Be5 56. Qg8+ Kh6 57. Qe6+ Bf6 1/2-1/2

[Event "XVII Miedzynarodowy Turniej Szachowy Kow"]
[Site "Kowalewo Pomorskie"]
[Date "2010.07.09"]
[Round "8.5"]
[White "Kubicki, Marek"]
[Black "Jurkiewicz, Krzysztof"]
[Result "1-0"]
[WhiteElo "2172"]
[BlackElo "2142"]
[PlyCount "96"]
[EventDate "2010.??.??"]

1. e4 c5 2. Nc3 g6 3. f4 Nc6 4. Nf3 Bg7 5. Bb5 Nd4 6. a4 Nxb5 7. axb5 d6 8. O-O
Bd7 9. e5 dxe5 10. fxe5 Nh6 11. d3 Nf5 12. Bf4 O-O 13. Re1 Nd4 14. Ne4 Ne6 15.
Be3 Qc7 16. Nc3 Rfe8 17. Bf2 b6 18. Qe2 Qb7 19. d4 cxd4 20. Nxd4 Nxd4 21. Bxd4
Be6 22. b3 Rac8 23. Ra4 Red8 24. Qe3 Rc7 25. Rea1 Qb8 26. R4a2 Bf5 27. Re1 h5
28. Qf2 Rcd7 29. Ra4 Bxc2 30. Qxc2 Rxd4 31. e6 f5 32. Rc4 Rd2 33. Qc1 Bd4+ 34.
Kh1 Bf6 35. Nb1 Bb2 36. Qxd2 Rxd2 37. Nxd2 Qd6 38. Nf3 Kg7 39. Ra4 Bf6 40. Rxa7
Qc5 41. Nd2 Qxb5 42. Nc4 Qxb3 43. Nd6 Bg5 44. Ne8+ Kh8 45. Rd7 b5 46. Nc7 Qc3
47. Rb1 b4 48. Na6 Qc4 1-0

[Event "XVII Miedzynarodowy Turniej Szachowy Kow"]
[Site "Kowalewo Pomorskie"]
[Date "2010.07.09"]
[Round "8.6"]
[White "Garbowska, Hanna"]
[Black "Kobus, Sebastian"]
[Result "0-1"]
[WhiteElo "2026"]
[BlackElo "2080"]
[PlyCount "89"]
[EventDate "2010.??.??"]

1. e4 e5 2. Nf3 Nf6 3. d4 Nxe4 4. dxe5 d5 5. exd6 Nxd6 6. Nc3 Be7 7. Bd3 O-O 8.
O-O Bg4 9. h3 Bh5 10. Nd5 Nc6 11. Nf4 Bxf3 12. Qxf3 Ne5 13. Bxh7+ Kxh7 14. Qh5+
Kg8 15. Qxe5 Bf6 16. Qd5 c6 17. Qf3 Be5 18. Nd3 Bf6 19. Bf4 Nf5 20. c3 Nh4 21.
Qg3 Nf5 22. Qf3 Nh4 23. Qg3 Ng6 24. Rad1 Qa5 25. a3 Rfe8 26. Rfe1 Qb5 27. Bc1
Rad8 28. Rxe8+ Rxe8 29. Qg4 Be7 30. Be3 Rd8 31. Nb4 Rxd1+ 32. Qxd1 a5 33. Nd3
Qd5 34. Qe2 Bd6 35. Ne1 Qe6 36. Nf3 Qe4 37. Qd2 Bc7 38. Kf1 Qb1+ 39. Qc1 Qd3+
40. Kg1 Ne7 41. Qd2 Qb1+ 42. Qc1 Qe4 43. Ng5 Qf5 44. Nf3 Nd5 45. Bd2 0-1

[Event "XVII Miedzynarodowy Turniej Szachowy Kow"]
[Site "Kowalewo Pomorskie"]
[Date "2010.07.09"]
[Round "8.7"]
[White "Renkowski, Piotr"]
[Black "Tarkowski, Michal"]
[Result "1-0"]
[WhiteElo "1931"]
[BlackElo "2067"]
[PlyCount "39"]
[EventDate "2010.??.??"]

1. e4 c5 2. Nf3 d6 3. c3 Nf6 4. Be2 Nc6 5. d4 cxd4 6. cxd4 Nxe4 7. d5 Qa5+ 8.
Nc3 Nxc3 9. bxc3 Ne5 10. Nxe5 Qxc3+ 11. Bd2 Qxe5 12. O-O a6 13. Rb1 e6 14. Bf3
Be7 15. dxe6 O-O 16. Re1 Qf6 17. exf7+ Kh8 18. Bd5 Rb8 19. Rc1 b5 20. Bc3 1-0

[Event "XVII Miedzynarodowy Turniej Szachowy Kow"]
[Site "Kowalewo Pomorskie"]
[Date "2010.07.09"]
[Round "8.8"]
[White "Puczylowski, Marcin"]
[Black "Szmidt, Przemyslaw"]
[Result "1-0"]
[WhiteElo "2034"]
[BlackElo "2033"]
[PlyCount "79"]
[EventDate "2010.??.??"]

1. d4 Nf6 2. Nc3 d5 3. Bg5 c6 4. Bxf6 exf6 5. e4 Bb4 6. exd5 Qxd5 7. Nf3 O-O 8.
Be2 Qa5 9. Qd2 Be6 10. O-O Nd7 11. a3 Bxc3 12. Qxc3 Qxc3 13. bxc3 Nb6 14. Rab1
Rab8 15. Bd3 Nd5 16. Rb3 Nf4 17. Rb2 Bg4 18. Rfb1 b6 19. Ne1 Rbd8 20. f3 Be6
21. Ra1 Nd5 22. Rb3 Rfe8 23. Kf2 b5 24. Be4 f5 25. Bxd5 Bxd5 26. Rbb1 Bc4 27.
Nd3 Bxd3 28. cxd3 f4 29. Re1 f5 30. Rxe8+ Rxe8 31. Re1 Rxe1 32. Kxe1 Kf7 33.
Kd2 g5 34. c4 Ke7 35. Kc3 Kd6 36. Kb4 g4 37. Ka5 h5 38. Ka6 h4 39. h3 c5 40.
Kxb5 1-0

[Event "XVII Miedzynarodowy Turniej Szachowy Kow"]
[Site "Kowalewo Pomorskie"]
[Date "2010.07.09"]
[Round "8.9"]
[White "Pietrzak, Tomasz"]
[Black "Zielinski, Wojciech"]
[Result "0-1"]
[WhiteElo "1980"]
[BlackElo "2008"]
[PlyCount "42"]
[EventDate "2010.??.??"]

1. Nf3 e6 2. d4 d5 3. c4 Nf6 4. Bg5 Be7 5. Nc3 h6 6. Bh4 c5 7. cxd5 exd5 8.
dxc5 Be6 9. e3 O-O 10. Be2 Nbd7 11. c6 bxc6 12. Nd4 Qb6 13. O-O c5 14. Na4 Qb7
15. Qb3 Rab8 16. Qxb7 Rxb7 17. Ba6 Rb4 18. Nc6 Rxa4 19. Nxe7+ Kh8 20. Bxf6 Rxa6
21. Bh4 g5 0-1

[Event "XVII Miedzynarodowy Turniej Szachowy Kow"]
[Site "Kowalewo Pomorskie"]
[Date "2010.07.09"]
[Round "8.10"]
[White "Kruczynski, Marek"]
[Black "Flazinski, Jozef"]
[Result "0-1"]
[WhiteElo "1988"]
[BlackElo "2000"]
[PlyCount "76"]
[EventDate "2010.??.??"]

1. e4 c5 2. Nc3 Nc6 3. f4 g6 4. Nf3 Bg7 5. Bc4 e6 6. O-O Nge7 7. d3 O-O 8. Qe1
d5 9. Bb3 Qb6 10. Kh1 Nb4 11. a3 Nxd3 12. cxd3 Qxb3 13. Qh4 f6 14. Nd2 Qb6 15.
Rb1 Bd7 16. b4 cxb4 17. Rxb4 Qc7 18. Bb2 Bc6 19. Ba1 Rad8 20. Nb5 Bxb5 21. Rxb5
dxe4 22. Nxe4 Nf5 23. Qf2 Rxd3 24. Nc5 Re3 25. Nxb7 Rb8 26. Rxf5 Rxa3 27. Rc5
Qxb7 28. Rfc1 Bf8 29. R5c4 Be7 30. Bd4 a5 31. h4 Qd5 32. Bc5 Rh3+ 33. Kg1 Qxc4
34. Rxc4 Rb1+ 35. Qf1 Bxc5+ 36. Rxc5 Rh1+ 37. Kxh1 Rxf1+ 38. Kh2 Rxf4 0-1

[Event "XVII Miedzynarodowy Turniej Szachowy Kow"]
[Site "Kowalewo Pomorskie"]
[Date "2010.07.09"]
[Round "8.11"]
[White "Rogala, Robert"]
[Black "Kuchnio, Przemyslaw"]
[Result "1/2-1/2"]
[WhiteElo "2037"]
[BlackElo "2089"]
[PlyCount "61"]
[EventDate "2010.??.??"]

1. e4 Nf6 2. Bc4 d5 3. exd5 Nxd5 4. Nc3 Nxc3 5. bxc3 e6 6. Nf3 Nd7 7. O-O Nb6
8. Qe2 Bd6 9. d4 Nxc4 10. Qxc4 O-O 11. Re1 Bd7 12. Qd3 Qf6 13. c4 Bc6 14. Bg5
Qg6 15. c5 Bxh2+ 16. Kxh2 Qh5+ 17. Kg1 Bxf3 18. Qxf3 Qxg5 19. Qxb7 Qd2 20. Red1
Qxc2 21. Qxc7 Rab8 22. Qxa7 Rb2 23. Rf1 Qc4 24. Qd7 e5 25. dxe5 Qxc5 26. e6
fxe6 27. Qxe6+ Kh8 28. Rac1 Qa7 29. Rc8 Rbxf2 30. Rxf2 Qxf2+ 31. Kh2 1/2-1/2